Earth's catastrophic past : (Registro nro. 9696)

Detalles MARC
000 -LEADER
campo de control de longitud fija 03150cam a22005534i 4500
003 - IDENTIFICADOR DE NÚMERO DE CONTROL
campo de control PE-LiUPU
005 - FECHA Y HORA DE LA ÚLTIMA TRANSACCIÓN
campo de control 20250731172847.0
008 - DATOS DE LONGITUD FIJA--INFORMACIÓN GENERAL
campo de control de longitud fija 100129s2009 txuabd rb 001 0 eng d
020 ## - NÚMERO INTERNACIONAL ESTÁNDAR DEL LIBRO
Número Internacional Estándar del Libro 0932766943
020 ## - NÚMERO INTERNACIONAL ESTÁNDAR DEL LIBRO
Número Internacional Estándar del Libro 9780932766946
035 ## - NÚMERO DE CONTROL DEL SISTEMA
Número de control de sistema (Sirsi) i9780932766946
040 ## - FUENTE DE CATALOGACIÓN
Centro catalogador/agencia de origen LLU
Lengua de catalogación spa
Centro/agencia transcriptor LLU
Centro/agencia modificador YDXCP
-- SGB
-- IGR
-- DLC
-- OCLCQ
-- OCLCF
-- IGR
-- OCLCO
-- PE-LiUPU
Normas de descripción rda
082 00 - NÚMERO DE LA CLASIFICACIÓN DECIMAL DEWEY
Número de clasificación 231.7652
Cutter S64
Número de edición 22
100 1# - ENTRADA PRINCIPAL--NOMBRE DE PERSONA
Nombre de persona Snelling, Andrew.
245 10 - MENCIÓN DEL TÍTULO
Título Earth's catastrophic past :
Resto del título geology, creation, & the flood /
Mención de responsabilidad, etc. Andrew A. Snelling.
264 ## - PRODUCCIÓN, PUBLICACIÓN, DISTRIBUCIÓN, FABRICACIÓN Y COPYRIGHT
Producción, publicación, distribución, fabricación y copyright Dallas, Texas. :
Nombre del de productor, editor, distribuidor, fabricante Institute for Creation Research,
Fecha de producción, publicación, distribución, fabricación o copyright [2009]
300 ## - DESCRIPCIÓN FÍSICA
Extensión 2 volumenes (1-464, 467-1102 páginas) :
Otras características físicas ilustraciones ;
Dimensiones 24 centímetros
336 ## - TIPO DE CONTENIDO
Término de tipo de contenido text
Fuente rdacontent
337 ## - TIPO DE MEDIO
Nombre/término del tipo de medio unmediated
Fuente rdamedia
338 ## - TIPO DE SOPORTE
Nombre/término del tipo de soporte volume
Fuente rdacarrier
500 ## - NOTA GENERAL
Nota general Major revision of: The Genesis flood (1961), by J.C. Whitcomb and H.M. Morris.
504 ## - NOTA DE BIBLIOGRAFÍA, ETC.
Nota de bibliografía, etc. Bibliografía : páginas 421-430.
504 ## - NOTA DE BIBLIOGRAFÍA, ETC.
Nota de bibliografía, etc. Índices: páginas
505 0# - NOTA DE CONTENIDO CON FORMATO
Nota de contenido con formato volumen 1. The Genesis record of creation and the flood defended. Introduction -- Section 1 : The biblical record of the global Genesis flood -- Section 2 : Non-geological arguments used against the global Genesis flood -- Section 3 : Noah, the ark, and the animals -- Section 4 : The framework for a biblical geology -- Section 5 : The modern geological synthesis -- Selected bibliography.
505 0# - NOTA DE CONTENIDO CON FORMATO
Nota de contenido con formato volumen 2. Geological implications of the biblical record for a biblical geologic model for Earth history -- Section 6 : Geological implications of the biblical geologic model for Earth history -- Section 7 : A biblical geologic model of Earth history -- Section 8 : Problems in biblical geology solved : radioactive dating and geochronology -- Section 9 : Contradictions in geochronology : support for biblical geology -- Section 10 : Problems for biblical geology solved : formations implying slow deposition -- Concluding challenges -- Selected bibliography.
526 ## - NOTA DE INFORMACIÓN SOBRE EL PROGRAMA DE ESTUDIO
Nombre del programa Segunda Especialidad En Profecías Bíblicas
526 ## - NOTA DE INFORMACIÓN SOBRE EL PROGRAMA DE ESTUDIO
Nombre del programa Segunda Especialidad En Nuevo Testamento
526 ## - NOTA DE INFORMACIÓN SOBRE EL PROGRAMA DE ESTUDIO
Nombre del programa Segunda Especialidad En Antiguo Testamento
526 ## - NOTA DE INFORMACIÓN SOBRE EL PROGRAMA DE ESTUDIO
Nombre del programa Segunda Especialidad En Estudios Adventistas
526 ## - NOTA DE INFORMACIÓN SOBRE EL PROGRAMA DE ESTUDIO
Nombre del programa Doctorado en teología
526 ## - NOTA DE INFORMACIÓN SOBRE EL PROGRAMA DE ESTUDIO
Nombre del programa Maestría en teología histórica
526 ## - NOTA DE INFORMACIÓN SOBRE EL PROGRAMA DE ESTUDIO
Nombre del programa Maestría en teología bíblica
526 ## - NOTA DE INFORMACIÓN SOBRE EL PROGRAMA DE ESTUDIO
Nombre del programa Maestría en teología
526 ## - NOTA DE INFORMACIÓN SOBRE EL PROGRAMA DE ESTUDIO
Nombre del programa Maestría en misionología
526 ## - NOTA DE INFORMACIÓN SOBRE EL PROGRAMA DE ESTUDIO
Nombre del programa Maestría en liderazgo eclesiástico
526 ## - NOTA DE INFORMACIÓN SOBRE EL PROGRAMA DE ESTUDIO
Nombre del programa Teología
596 ## -
-- 1
650 #0 - PUNTO DE ACCESO ADICIONAL DE MATERIA--TÉRMINO DE MATERIA
Término de materia o nombre geográfico como elemento de entrada Biblia y geología.
9 (RLIN) 5843
650 #0 - PUNTO DE ACCESO ADICIONAL DE MATERIA--TÉRMINO DE MATERIA
Término de materia o nombre geográfico como elemento de entrada Creacionismo.
650 #0 - PUNTO DE ACCESO ADICIONAL DE MATERIA--TÉRMINO DE MATERIA
Término de materia o nombre geográfico como elemento de entrada Diluvio.
910 ## - DATOS DE OPCIÓN DEL USUARIO (OCLC)
Datos de opción del usuario jck
-- ebj
-- ebj
-- 20160601
942 ## - ELEMENTOS DE ENTRADA SECUNDARIOS (KOHA)
Fuente del sistema de clasificación o colocación Clasificación Decimal Dewey
Tipo de ítem Koha
949 ## - PROCESAMIENTO DE INFORMACIÓN LOCAL (OCLC)
a 231.7652 S64 1
w DEWEY
c 1
i 73371
l CCODEBUL1
m BUL
p 60.00
r 0
s Y
t BOOK
u 2016-6-1
x TEOLOGIA
-- P85
0 COMPRA
o .STAFF. Colección General Teología
949 ## - PROCESAMIENTO DE INFORMACIÓN LOCAL (OCLC)
a 231.7652 S64 2
w DEWEY
c 1
i 73372
l CCODEBUL1
m BUL
p 60.00
r 0
s Y
t BOOK
u 2016-6-1
x TEOLOGIA
-- P85
0 COMPRA
o .STAFF. Colección General Teología
994 ## -
-- C0
-- PEPRU
999 ## - NÚMEROS DE CONTROL DE SISTEMA (KOHA)
-- DEWEY
-- 73371
-- 2021-11-9
-- 5
-- CCODEBUL1
-- BUL
-- 60.00
-- 0
-- Y
-- BOOK
-- 2016-6-1
-- TEOLOGIA
-- P85
-- COMPRA
-- .STAFF. Colección General Teología
999 ## - NÚMEROS DE CONTROL DE SISTEMA (KOHA)
-- DEWEY
-- 73372
-- 2021-11-9
-- 5
-- CCODEBUL1
-- BUL
-- 60.00
-- 0
-- Y
-- BOOK
-- 2016-6-1
-- TEOLOGIA
-- P85
-- COMPRA
-- .STAFF. Colección General Teología
980 ## - EQUIVALENCIA O REFERENCIA-CRUZADA-MENCIÓN DE SERIE--NOMBRE DE PERSONA/TÍTULO [LOCAL, CANADÁ]
ID del último usuario que modificó el registro 1
Nombre del último usuario que modificó el registro ALBERTO SANCHEZ Responsable de Automatización
Existencias
Visto por última vez Número de inventario Total de préstamos Signatura topográfica completa Código de barras Copia número Coste, precio de reemplazo Fecha de reemplazo Facultad Tipo de ítem Koha Nota pública Estado de pérdida Fuente del sistema de clasificación o colocación Restricciones de uso No para préstamo Colección Programa académico Biblioteca de origen Biblioteca actual Ubicación en estantería Fecha de adquisición Fuente de adquisición Coste, precio normal de compra
2025-12-03 6   231.7652 S64 1 73371 e1 65.00 2016-06-01   Libros físicos inventario-2023-12-13 No Perdido Clasificación Decimal Dewey No restringido Disponible para préstamos Colección General Maestría en teología Biblioteca CRAI UPeU Lima Biblioteca CRAI UPeU Lima Sala principal 2016-06-01 COMPRA 60.00
2025-12-03 6   231.7652 S64 2 73372 e1 65.00 2016-06-01   Libros físicos inventario-2023-12-13 No Perdido Clasificación Decimal Dewey No restringido Disponible para préstamos Colección General Maestría en teología Biblioteca CRAI UPeU Lima Biblioteca CRAI UPeU Lima Sala principal 2016-06-01 COMPRA 60.00